| 000 | 00737nam a2200253 a 4500 | ||
|---|---|---|---|
| 999 |
_c4687 _d4687 |
||
| 001 | 4687 | ||
| 003 | BD-JhCC | ||
| 005 | 20171130092941.0 | ||
| 008 | 860101r19581965enk 000 0 eng d | ||
| 035 | _a(BD-JhCC)4687 | ||
| 040 |
_aBD-JhCC _dBD-JhCC |
||
| 041 | _aeng | ||
| 082 |
_218 _bPAR 1965 _a828.91408 |
||
| 100 | 1 |
_aParkinson, C. Northcote _q(Cyril Northcote), _d1909-1993 |
|
| 245 | 1 | 0 |
_aParkinson's law : or the pursuit of progress / _cC. Northcote Parkinson ; with illustrations by Osbert Lancaster |
| 260 |
_aLondon : _bJohn Murray, _c1965. |
||
| 300 |
_a122 p. : _c18 cm . |
||
| 650 | 0 |
_aExecutives _xHumor |
|
| 650 | 0 | _aLaw | |
| 650 | 0 | _aBureaucrasy | |
| 700 | _aLancaster, Osbert | ||
| 942 |
_2ddc _cBK |
||